Complete the film title (Keanu Reeves) - Statistics

General Stats
  • This quiz has been taken 60 times
  • The average score is 12 of 20
Answer Stats
Film Title % Correct
John {Wick}
94%
Bram Stoker's {Dracula}
88%
The Day the Earth Stood {Still}
88%
Point {Break}
86%
Much Ado About {Nothing}
82%
Bill & Ted's Excellent {Adventure}
78%
Something's Gotta {Give}
76%
The Devil's {Advocate}
76%
My Own Private {Idaho}
65%
Bill & Ted's Bogus {Journey}
61%
The Lake {House}
53%
47 {Ronin}
51%
Chain {Reaction}
51%
Even Cowgirls Get the {Blues}
41%
A Scanner {Darkly}
35%
Johnny {Mnemonic}
35%
The Last Time I Committed {Suicide}
35%
A Walk in the {Clouds}
33%
Feeling {Minnesota}
14%
Little {Buddha}
10%
No matching quizzes found
Score Distribution
Percent of People with Each Score
Percentile by Number Answered
Your Score History
You have not taken this quiz